| 000 | 00617nam a2200217 a 4500 | ||
|---|---|---|---|
| 001 | 55980 | ||
| 003 | BD-RjUL | ||
| 005 | 20211209080335.0 | ||
| 008 | 161124s1988 ii cd||| |||| 001 0 eng d | ||
| 035 | _a(BD-RjUL) | ||
| 040 |
_aBD-RjUL _beng _cBD-RjUL |
||
| 041 | _aeng | ||
| 082 | 0 | 4 |
_223 _a632.4 _bMEP 1988 |
| 100 | 1 |
_aMehrotra, R. S. _938191 |
|
| 245 | 1 | 0 |
_aPlant Pathology / _cR S Mehrotra and Ashok Aggarwal |
| 260 |
_aNew Delhi : _b Tata McGraw Hill Pub., _cc1980 [ Reprint 1988] |
||
| 300 |
_axv, 767 p. : _bill. ; _c24 cm. |
||
| 500 | _aIncludes Index | ||
| 650 | 0 |
_aPlant diseases. _938192 |
|
| 942 |
_2ddc _cBK |
||
| 999 |
_c55980 _d55980 |
||